Представление документа в формате RUSMARC

ПолеНазваниеЗначение
  Тип записи a
  Библиографический уровень m
001 Контрольный номер RU/ГПНТБ России/EK/88.57/З-43-113960126
005 Дата корректировки 20250714093500.6
010 Индекс ISBN __
a ISBN 978-5-9614-8914-9
b Уточнения в пер.
d Цена 451-66
100 Данные общей обработки __
a Данные общей обработки 20250711d2024 ma y0rusy0289
101 Язык документа 0_
a Язык текста rus
102 Страна публикации __
a Страна публикации RU
105 Кодированные данные (монография) __
a Кодированные данные (монография) y z 000yy
181 Поле кодированных данных: вид содержания _0
a Код вида содержания (ISBD) i
182 Поле кодированных данных: тип средства _0
a Код типа средства (ISBD) n
200 Заглавие и сведения об ответственности 1_
a Заглавие Семья что надо
e Сведения, относящиеся к заглавию как жить счастливо с самыми близкими
e Сведения, относящиеся к заглавию книга о любви
f Первые сведения об ответственности Нина Зверева
210 Выходные данные 1_
a Место издания Москва
c Издательство Альпина Паблишер
d Дата издания 2024
215 Физическое описание __
a Объем 502, [1] с.
d Формат 22 см
320 Библиография __
a Библиография Об авторе: с. 492-493
320 Библиография __
a Библиография Приложение: с. 494-503
330 Аннотация __
a Аннотация Автор делится с читателями секретами создания гармоничной семьи, в которой все друг друга поддерживают и стараются понять, но при этом не навязывают свою точку зрения. Поэтому каждый свободен в выборе увлечений, профессии, партнеров. Теоретическая информация о взаимоотношениях с мужем или женой, воспитании детей и преодолении конфликтов проиллюстрирована типичными жизненными ситуациями. Это позволяет лучше понять и усвоить идеи автора, а затем воплотить их в жизнь.
333 Примечание о целевом назначении __
a Примечание о целевом назначении 16+
606 Тематические рубрики __
a Основная рубрика Психология
606 Тематические рубрики __
a Основная рубрика Психология социальных институтов
610 Ключевые слова 0_
a Ключевые слова семейная психология
a Ключевые слова психология отношений
a Ключевые слова взаимоотношения в семье
a Ключевые слова взаимоотношения с детьми
a Ключевые слова семейные ценности
a Ключевые слова семейное счастье
a Ключевые слова семейные конфликты
a Ключевые слова молодые семьи
a Ключевые слова любовь и отношения
a Ключевые слова семья и брак
a Ключевые слова дети и родители
a Ключевые слова истории из жизни
a Ключевые слова советы родителям
686 Индексы других классификаций __
2 Код системы rubbk
a Индекс ББК 88.57
700 Автор _1
a Фамилия Зверева
b Имя Н. В.
g Полное личное имя Нина Витальевна
4 Код отношения 070
f Даты 1952-
801 Источник записи _0
b Организация ГПНТБ России
a Страна RU
c Дата составления 20250711
801 Источник записи _1
b Организация ГПНТБ России
a Страна RU
c Дата составления 20250711
801 Источник записи _2
a Страна RU
b Организация Центральная районная библиотека им. Г. А. Пирожникова
c Дата составления 20250714
g Правила каталогизации bzbo
852 Данные о местонахождении __
j Шифр хранения 88.57
i Авторский знак З-433
901 Тип документа __
t Тип документа m
902 Роль лиц __
b Редактор БЗ ОКиО/Шумских